Bunnies inspired by Marvel characters - Statistics

General Stats
  • This quiz has been taken 33 times
  • The average score is 7 of 10
Answer Stats
Picture Answer % Correct
Hulk
100%
Iron man
88%
Captain America
75%
Doctor Strange
75%
Groot
75%
Loki
71%
Thor
71%
Scarlet Witch
67%
Thanos
58%
Rocket
46%
No matching quizzes found
Score Distribution
Percent of People with Each Score
Percentile by Number Answered
Your Score History
You have not taken this quiz